Juventud y cambio social: apuntes desde una perspectiva sociológica /

En el texto se reflexiona acerca del rol de la juventud costarricense como actor en relación con los cambios sociales que acontecen en Costa Rica, a finales del siglo XX. Se destaca que, a partir de los antagonismos generacionales entre la juventud y la adultez, se gestan rupturas sociales a partir...

全面介紹

Guardado en:
書目詳細資料
主要作者: Escobar, Francisco
格式: 未知
語言:Spanish
出版: Costa Rica : Ministerio de Cultura, Juventud y Deportes
版:2° edición
叢編:Serie Documentos la Juventud
主題:
標簽: 添加標簽
沒有標簽, 成為第一個標記此記錄!

MARC

LEADER 00000 a2200000 04500
001 49016
003 cru CIDCACS/IIS
005 20190424113544.0
007 ta
008 050528s1975 cr spa d
999 |c 14339  |d 14339 
040 |c cru CIDCACS/IIS 
090 |a 05.03.04 Es74j 
100 |a Escobar, Francisco  
245 |a Juventud y cambio social:   |b apuntes desde una perspectiva sociológica /   |c Francisco Escobar  
250 |a 2° edición  
260 |a Costa Rica :   |b Ministerio de Cultura, Juventud y Deportes  
300 |a 176 páginas : tablas, gráficos  
440 |a Serie Documentos la Juventud  
520 |a En el texto se reflexiona acerca del rol de la juventud costarricense como actor en relación con los cambios sociales que acontecen en Costa Rica, a finales del siglo XX. Se destaca que, a partir de los antagonismos generacionales entre la juventud y la adultez, se gestan rupturas sociales a partir de enfrentamientos que trascienden el espacio familiar, hacia lo público: la política. La superioridad del grupo adulto, se conforma a partir de cuatro monopolios: propiedad económica, autoridad, poder y prestigio social; y a la juventud, según el autor, le compete la ruptura con estos paradigmas, integrándose como fuerza dinámica del cambio social.  
650 0 |9 3232  |a JOVENES 
650 4 |9 1933  |a CAMBIO SOCIAL 
650 0 |9 419  |a CONTROL SOCIAL 
650 0 |a MOVILIZACION SOCIAL  |9 2126 
651 0 |9 32  |a COSTA RICA 
942 |2 ddc  |c LI